Introduction to Information Systems / (Record no. 8242)

MARC details
000 -LEADER
fixed length control field 00798cac a22002291u 4500
008 - FIXED-LENGTH DATA ELEMENTS--GENERAL INFORMATION
fixed length control field 090108t 1994xxu||||| |||| 00| 0 eng d
010 ## - LIBRARY OF CONGRESS CONTROL NUMBER
LC control number 93024018
020 ## - INTERNATIONAL STANDARD BOOK NUMBER
International Standard Book Number 0256118841
020 ## - INTERNATIONAL STANDARD BOOK NUMBER
International Standard Book Number 0256156107 (International ed.)
082 04 - DEWEY DECIMAL CLASSIFICATION NUMBER
Classification number 658.4038011
Item number OBR
Edition number 22
100 ## - MAIN ENTRY--PERSONAL NAME
Personal name O'Brien, James A.,
245 10 - TITLE STATEMENT
Title Introduction to Information Systems /
Statement of responsibility, etc James A. O'Brien.
250 ## - EDITION STATEMENT
Edition statement 7th ed.
260 ## - PUBLICATION, DISTRIBUTION, ETC. (IMPRINT)
Place of publication, distribution, etc Burr Ridge, Ill. :
Name of publisher, distributor, etc Irwin,
Date of publication, distribution, etc c1994.
260 ## - PUBLICATION, DISTRIBUTION, ETC. (IMPRINT)
Name of publisher, distributor, etc Distributer: Al-Ahram.
300 ## - PHYSICAL DESCRIPTION
Extent 1 v. :
Other physical details col. ill. ;
Dimensions 27 cm.
500 ## - GENERAL NOTE
General note Rev. ed. of : Introduction to information systems in business management. 6th ed. c1991.
504 ## - BIBLIOGRAPHY, ETC. NOTE
Bibliography, etc Includes bibliographical references and indexes.
650 #0 - SUBJECT ADDED ENTRY--TOPICAL TERM
Topical term or geographic name as entry element Business
General subdivision Data processing.
Source of heading or term BUEsh
651 ## - SUBJECT ADDED ENTRY--GEOGRAPHIC NAME
Source of heading or term BUEsh
942 ## - ADDED ENTRY ELEMENTS (KOHA)
Item type Book - Borrowing
Call number prefix 658.4038OBR
Source of classification or shelving scheme Dewey Decimal Classification
Holdings
Withdrawn status Item status Source of classification or shelving scheme Damaged status Not for loan Home library Current library Shelving location Date acquired Source of acquisition Total Checkouts Total Renewals Full call number Barcode Date last seen Date last borrowed Koha item type Vendor Cost, normal purchase price Serial Enumeration / chronology
    Dewey Decimal Classification     Central Library Central Library First floor 28/02/2008 Purchase 3 12 658.4038011 OBR 000009960 15/07/2025 11/02/2014 Book - Borrowing      
    Dewey Decimal Classification     Central Library Central Library First floor 08/01/2009 Purchase     658.4038011 OBR 000008551 15/07/2025   NB - Book (Non borrowing)      
    Dewey Decimal Classification     Central Library Central Library First floor 26/01/2009 Purchase 1   658.4038011 OBR 000015081 15/10/2025 08/10/2025 Book - Borrowing Alahram 129.00 06388